000 00684nam a2200217 4500
003 OSt
005 20240703081233.0
006 a
008 240703b |||||||| |||| 00| 0 eng d
020 _a9789719344919
040 _aDWCL-HMN lib.
_cOC
082 _2Second edition
_aCirc. 610 P171g 2009
100 _aPalma, Gregory Navarro
245 _aG & A notes : clinical pocket guide for medical and allied health professionals /
260 _aCainta, Rizal :
_bG & A Notes Pub. Co.,
_cc2009.
300 _b302 p. : col. ill. ;
_c14 cm.
504 _aIncludes index.
650 _a1. Medicine-Guidebooks.
650 _a2. Nursing-Guidebooks.
942 _2ddc
_n0
_cBK-CIRC
_kCirc.
999 _c1901
_d1901